Komparatívna analýza rozvoja hotelových reťazcov s vybranými krajinami

Výsledky výskumu, ktorý sa zaoberal komparáciou Slovenska s vybranými krajinami v oblasti začlenenia hotelov do hotelových reťazcov. Štruktúra hotelov z hľadiska triedy. Hotelové reťazce a centrá distribučných systémov.

Salvato in:
Dettagli Bibliografici
Autore principale: Veszprémi Sirotková, Anna, 1966-
Natura: Capitolo di libro
Lingua:slovacco
Soggetti:
Tags: Aggiungi Tag
Nessun Tag, puoi essere il primo ad aggiungerne!!

MARC

LEADER 00000nla$a2200000$$$4500
001 0120659
005 20240502072349.0
041 0 |a slo 
044 |a SK 
245 1 0 |a Komparatívna analýza rozvoja hotelových reťazcov s vybranými krajinami  |c Anna Sirotková 
520 |a Výsledky výskumu, ktorý sa zaoberal komparáciou Slovenska s vybranými krajinami v oblasti začlenenia hotelov do hotelových reťazcov. Štruktúra hotelov z hľadiska triedy. Hotelové reťazce a centrá distribučných systémov. 
610 2 0 |a Slovensko 
610 2 0 |a ruch cestovný 
610 2 0 |a politika ruchu cestovného 
610 2 0 |a hotelierstvo 
610 2 0 |a hotely 
610 2 0 |a reťazce distribučné 
610 2 0 |a franchising 
610 2 0 |a výskum 
610 2 0 |a analýza komparatívna 
100 1 |a Veszprémi Sirotková, Anna, 1966-